| 000 | 00349nam a2200145Ia 4500 | ||
|---|---|---|---|
| 005 | 20251222144914.0 | ||
| 008 | 251222s9999||||xx |||||||||||||| ||spa|| | ||
| 020 | _a0733-8945 | ||
| 082 | _a658.15/C72 | ||
| 100 | _aCopeland, Tom | ||
| 245 | 0 | _aValuation Measuring and Managing: | |
| 250 | _a2a.ed. | ||
| 264 | _bJohn Wiley & Sons | ||
| 942 | _cLIB | ||
| 999 |
_c22456 _d22456 |
||